000 00736nam a22002297a 4500
999 _c5503
_d5503
003 AR-CdUCM
008 190312b ||||| |||| 00| 0 spa d
040 _aMUNICIPALIDAD PROVINCIAL DEL CUSCO
_cBIBLIOTECA MUNICIPAL DEL CUSCO
082 _a869.623 /
_bM763
100 _aMontalvo, Juan
_916506
245 _aCapítulos que se le olvidaron a cervantes /
260 _aBarcelona :
_bMontaner y simón,
_c1898.
300 _a180 páginas ;
_c18 cm.
440 _aClásicos ariel
_n3
_916507
505 _aTomo I -- Tomo II.
650 _aNovela ecuatoriana
_916508
650 _aMiguel de Cervantes Saavedra
_916509
650 _aDon Quijote -- Imitaciones
_916510
650 _aSiglo XIX
_9971
942 _2ddc
_cLIBROS
945 _awfj